000 00361nam a2200133Ia 4500
008 150202s9999 xx 000 0 und d
020 _a6156886
050 _aFIC
_bFIC
100 _aAmbler, Eric.
245 4 _aThe light of day /
_cEric Ambler.
260 _aGreat Britain :
_bWilliam Heinemann,
_c1962.
300 _a220 pages :
_c18 cm.
650 _aFiction.
999 _c281823
_d281823